Capitales et plus grandes villes des États du Monde - Statistiques

Statistiques générales
  • Ce quiz a été pris 627 fois
    215 depuis la dernière actualisation
  • Le résultat moyen est 146 sur 255
Statistiques - réponses
État Capitale % Correct
Allemagne Berlin
93%
Autriche Vienne
93%
Algérie Alger
92%
Afrique du Sud Pretoria / Le Cap / Bloemfontein
92%
Belgique Bruxelles
91%
Argentine Buenos Aires
91%
Albanie Tirana
91%
Afghanistan Kaboul
89%
Andorre Andorre-la-Vieille
88%
Australie Canberra
88%
France Paris
88%
Arabie Saoudite Riyad
88%
Bulgarie Sofia
88%
Brésil Brasilia
87%
Biélorussie Minsk
87%
Bosnie-Herzégovine Sarajevo
87%
Canada Ottawa
86%
Sydney
86%
Danemark Copenhague
85%
Égypte Le Caire
85%
Espagne Madrid
85%
Chine Pékin
85%
Corée du Sud Séoul
85%
États-Unis Washington
85%
Grèce Athènes
84%
Colombie Bogota
83%
Croatie Zagreb
83%
Djibouti Djibouti
82%
Johannesbourg
82%
Cuba La Havane
82%
New York
82%
Chili Santiago
82%
Arménie Erevan
81%
Corée du Nord Pyongyang
81%
Hongrie Budapest
80%
Bangladesh Dacca
80%
Finlande Helsinki
80%
Chypre Nicosie
80%
Japon Tokyo
80%
Azerbaidjan Bakou
79%
Italie Rome
79%
Irlande Dublin
77%
Israël Jérusalem
77%
La Paz
77%
Équateur Quito
77%
Lettonie Riga
77%
São Paulo
77%
Bolivie Sucre (de facto : partagé avec La Paz)
77%
Toronto
76%
Cameroun Yaoundé
76%
Irak Bagdad
75%
Géorgie Tbilissi
75%
Pays-Bas Amsterdam
74%
Roumanie Bucarest
74%
Dubaï
74%
Indonésie Jakarta
74%
Gabon Libreville
74%
Portugal Lisbonne
74%
Royaume-Uni Londres
74%
Luxembourg Luxembourg
74%
Monaco Monaco
74%
Russie Moscou
74%
République Tchèque Prague
74%
Singapour Singapour
74%
Suède Stockholm
74%
Nouvelle-Zélande Wellington
74%
Malte La Valette
73%
Mexique Mexico
73%
Maroc Rabat
73%
Thaïlande Bangkok
72%
Ukraine Kiev
72%
Koweït Koweït
72%
Norvège Oslo
72%
Burkina Faso Ouagadougou
72%
Haïti Port-au-Prince
72%
Costa Rica San José
72%
Iran Téhéran
72%
Tunisie Tunis
72%
Pologne Varsovie
72%
Lituanie Vilnius
72%
Mali Bamako
71%
Liban Beyrouth
71%
Jamaïque Kingston
71%
Pérou Lima
71%
Inde New Delhi
71%
Panama Panama
71%
Islande Reykjavik
71%
Vatican Vatican
71%
Türkiye Ankara
70%
Guatemala Guatemala
70%
Angola Luanda
70%
Bahamas Nassau
70%
Éthiopie Addis-Abeba
69%
Serbie Belgrade
69%
Sénégal Dakar
69%
Qatar Doha
69%
République Démocratique du Congo Kinshasa
69%
Philippines Manille
69%
Uruguay Montevideo
69%
Kenya Nairobi
69%
Libye Tripoli
69%
Ghana Accra
68%
Slovaquie Bratislava
68%
Viêt Nam Hanoï
68%
Estonie Tallinn
68%
Guinée-Bissau Bissau
67%
Macédoine du Nord Skopje
67%
Côte d'Ivoire Yamoussoukro
67%
Abidjan
66%
Madagascar Antananarivo
66%
Bélize Belmopan
66%
Vénézuela Caracas
66%
Pakistan Islamabad
66%
Saint-Marin Saint-Marin
66%
Shanghai
66%
Liechtenstein Vaduz
66%
Zurich
66%
Moldavie Chișinău
65%
République du Congo Brazzaville
64%
Syrie Damas
64%
Guyana Georgetown
64%
Istanbul
64%
Malaisie Kuala-Lumpur
64%
Mongolie Oulan-Bator
64%
Bénin Porto-Novo
63%
Bahreïn Manama
62%
Jordanie Amman
61%
Guinée Conakry
61%
Sierra Leone Freetown
61%
Népal Katmandou
61%
Monténégro Podgorica
61%
Cap-Vert Praia
61%
Salvador San Salvador
61%
Taïwan Taipei
61%
Émirats Arabes Unis Abou Dabi
60%
Comores Moroni
60%
Cambodge Phnom Penh
60%
Kazakhstan Astana
59%
Casablanca
59%
Botswana Gaborone
59%
Togo Lomé
59%
Sanaa
59%
Yémen Sanaa (de jure - de facto : Aden)
59%
São Tomé-et-Principe São Tomé
59%
Érythrée Asmara
58%
Paraguay Asuncion
58%
Kirghizistan Bichkek
58%
Soudan Khartoum
58%
Maldives Malé
58%
Mumbai
58%
République Dominicaine Saint-Domingue
58%
Rwanda Kigali
57%
Slovénie Ljubljana
57%
Niger Niamey
57%
Oman Mascate
56%
Dominique Roseau
56%
République Centrafricaine Bangui
55%
Mozambique Maputo
55%
Somalie Mogadiscio
55%
Kosovo Pristina
55%
Honduras Tegucigalpa
55%
Bhoutan Thimphou
55%
Seychelles Victoria
55%
Ouzbékistan Tachkent
54%
Gambie Banjul
53%
Barbade Bridgetown
53%
Eswatini Mbabane
53%
Mauritanie Nouakchott
53%
Fidji Suva
53%
Laos Vientiane
53%
Namibie Windhoek
53%
Nigéria Abuja
52%
Zimbabwe Harare
52%
Lagos
52%
Nicaragua Managua
52%
Tchad N'Djaména
52%
Burundi Gitega
51%
Zambie Lusaka
51%
Maurice Port-Louis
51%
Papouasie-Nouvelle-Guinée Port-Moresby
51%
Antigua-et-Barbuda Saint-John's
51%
Libéria Monrovia
50%
Suriname Paramaribo
50%
Trinité-et-Tobago Port-d'Espagne
50%
Saint-Vincent-et-les-Grenadines Kingstown
49%
Turkménistan Achgabat
48%
Timor Oriental Dili
48%
Soudan du Sud Djouba
48%
Guinée équatoriale Malabo (de facto : Ciudad de la Paz)
48%
Auckland
47%
Tanzanie Dodoma
47%
Tadjikistan Douchanbé
47%
Ouganda Kampala
47%
Malawi Lilongwe
47%
Brunei Bandar Seri Begawan
46%
Sainte-Lucie Castries
45%
Lesotho Maseru
45%
Grenade Saint-Georges
45%
Hô-Chi-Minh-Ville
44%
Karachi
42%
Samoa Apia
41%
Saint-Christophe-et-Niévès Basseterre
41%
Colombo
41%
Îles Salomon Honiara
41%
Micronésie Palikir
39%
Vanuatu Port-Vila
39%
Cotonou
38%
Funafuti
37%
Tuvalu Funafuti (plus grande ville sur l'Atoll : Vaiaku)
37%
Tonga Nuku'Alofa
37%
Bujumbura
35%
Douala
33%
Belize City
32%
Myanmar Naypyidaw
31%
Sri Lanka Sri Jayawardenapura Kotte
29%
Tibet Lhassa
27%
Almaty
26%
Dar es Salaam
26%
Guadalajara (Mexico n'ayant pas le statut de ville au Mexique)
25%
Guayaquil
25%
Kiribati Tarawa-Sud
21%
Yangon
18%
Transnistrie Tiraspol
15%
Palaos Melekeok (de facto : lieu-dit de Ngerulmud)
14%
Quezon City
12%
Suisse Aucune (De facto : Berne)
10%
Nauru Aucune (de jure - de facto : district de Yaren)
10%
Jérusalem Est
10%
Palestine Jérusalem-Est (de facto : Ramallah)
10%
Bata
9%
Îles Marshall Delap-Uliga-Darrit
9%
Laâyoune
9%
Sahara Occidental Laâyoune (de jure - de facto : Bir Lahlou, institutions politiques à Tindouf en Algérie)
9%
Schaan
9%
Manzini
7%
Serravalle
7%
Serrekunda
7%
Niue Alofi
6%
Somaliland Hargeisa
6%
Koror
6%
Chypre du Nord Nicosie-Nord
6%
Haut-Karabagh Stepanakert
5%
Îles Cook Avarua
4%
Birkirkara
4%
Chaguanas
3%
Meneng
3%
Abkazhie Soukhoumi
3%
Ossetie du Sud-Alanie Tskhinvali
2%
Betio (île la plus peuplée) / Bikenibeu (principale zone urbaine)
1%
Al Ahmadi
0%
Kota Bharu
0%
Weno
0%
Aucun quiz correspondant
Distribution des résultats
% des personnes avec chaque résultat
Percentile par nombre de réponses
Votre historique - résultats
Vous n’avez pas pris ce quiz depuis la dernière actualisation